[Event "Women European Club Cup 2015"]
[Site "Skopje MKD"]
[Date "2015.10.18"]
[Round "1"]
[White "Dzagnidze, Nana"]
[Black "Socko, Monika"]
[Result "1-0"]
[WhiteElo "2573"]
[BlackElo "2443"]
[PlyCount "109"]
[EventDate "2015.10.18"]

1. c4 e5 2. Nc3 Nf6 3. Nf3 Nc6 4. e3 Bb4 5. Qc2 Bxc3 6. Qxc3 Qe7 7. a3 O-O 8.
d3 d5 9. cxd5 Nxd5 10. Qc2 a5 11. b3 f5 12. Bb2 Kh8 13. Be2 e4 14. Nd4 Nxd4 15.
Bxd4 b6 16. O-O Bb7 17. Bb2 exd3 18. Bxd3 Qg5 19. f4 Qe7 20. Rae1 Rae8 21. Be5
Qd7 22. Rf3 Ne7 23. Rg3 Ng6 24. Bc3 Re7 25. Rg5 Nh4 26. Rd1 Qe6 27. Be5 Qh6 28.
Rg3 Qh5 29. Be2 Qe8 30. Qc3 Ng6 31. Bh5 Rd7 32. Rxd7 Qxd7 33. Bxg6 hxg6 34.
Rxg6 Rf7 35. h4 Kh7 36. Rg5 Be4 37. Kh2 Qe7 38. Qb2 b5 39. b4 axb4 40. axb4 c6
41. h5 Qd7 42. Bd4 Qe7 43. Qc3 Qd7 44. Qe1 Qe7 45. Qg3 Qf8 46. Rg6 Bd5 47. Be5
Rd7 48. Qg5 Be4 49. Rh6+ Kg8 50. Qg6 Qf7 51. Qh7+ Kf8 52. Bd6+ Rxd6 53. Rxd6
Qe7 54. Qh8+ Kf7 55. Qd8 1-0

[Event "Women European Club Cup 2015"]
[Site "Skopje MKD"]
[Date "2015.10.18"]
[Round "1"]
[White "Zimina, Olga"]
[Black "Khotenashvili, Bela"]
[Result "1/2-1/2"]
[WhiteElo "2378"]
[BlackElo "2502"]
[PlyCount "106"]
[EventDate "2015.10.18"]

1. Nf3 d5 2. c4 d4 3. g3 Nc6 4. Bg2 e5 5. O-O e4 6. Ne1 h5 7. d3 h4 8. Bxe4 Nf6
9. Bg5 hxg3 10. fxg3 Ne5 11. Bg2 Neg4 12. Nf3 Be7 13. Nbd2 c6 14. Re1 Ne3 15.
Bxe3 dxe3 16. Nf1 Bb4 17. Nxe3 Qb6 18. Qc1 Bxe1 19. Nxe1 Ng4 20. c5 Qb4 21. Nf3
O-O 22. a3 Qa4 23. Nc4 Be6 24. b3 Qa6 25. Nfd2 Rad8 26. Qc3 b6 27. Ne4 Bxc4 28.
bxc4 bxc5 29. Bh3 Nh6 30. Rf1 f5 31. Nxc5 Qb6 32. d4 Rfe8 33. e4 fxe4 34. Ne6
Rb8 35. Qe3 Rb7 36. Qxe4 Rbe7 37. Rb1 Qa6 38. d5 cxd5 39. cxd5 Qxa3 40. Bf1 Nf7
41. Bd3 Ng5 42. Qg6 Rxe6 43. dxe6 Qc5+ 44. Kf1 Rf8+ 45. Ke2 Qf2+ 46. Kd1 Qg1+
47. Kc2 Rc8+ 48. Kb3 Qb6+ 49. Ka4 Qd4+ 50. Ka3 Qc3+ 51. Ka4 Qd4+ 52. Ka3 Qc5+
53. Ka4 Qd4+ 1/2-1/2

[Event "Women European Club Cup 2015"]
[Site "Skopje MKD"]
[Date "2015.10.18"]
[Round "1"]
[White "Gueci, Laura"]
[Black "Batsiashvili, Nino"]
[Result "0-1"]
[WhiteElo "2023"]
[BlackElo "2500"]
[PlyCount "64"]
[EventDate "2015.10.18"]

1. c4 f5 2. g3 Nf6 3. Bg2 g6 4. Nc3 Bg7 5. d3 O-O 6. e4 fxe4 7. dxe4 d6 8. Nge2
c5 9. O-O Nc6 10. h3 e5 11. Be3 Be6 12. b3 Nd4 13. f4 Qd7 14. Kh2 Rae8 15. fxe5
dxe5 16. Nd5 Nh5 17. Qd2 Rf7 18. Rxf7 Qxf7 19. Ng1 Nf6 20. Bg5 Nxd5 21. cxd5
Bc8 22. Rf1 Qc7 23. Bh6 Qd6 24. h4 b6 25. Bh3 Bxh3 26. Nxh3 Rf8 27. Bxg7 Rxf1
28. Kg2 Rf7 29. Bh6 Qf6 30. Qe1 Qf3+ 31. Kh2 Qg4 32. Ng5 Qxg5 0-1

[Event "Women European Club Cup 2015"]
[Site "Skopje MKD"]
[Date "2015.10.18"]
[Round "1"]
[White "Stetsko, Lanita"]
[Black "Gunina, Valentina"]
[Result "1/2-1/2"]
[WhiteElo "2278"]
[BlackElo "2529"]
[PlyCount "107"]
[EventDate "2015.10.18"]

1. e4 c5 2. Nf3 e6 3. d4 cxd4 4. Nxd4 Nf6 5. Nc3 Nc6 6. Ndb5 Bb4 7. a3 Bxc3+ 8.
Nxc3 d5 9. exd5 exd5 10. Bd3 d4 11. Ne2 O-O 12. O-O Bg4 13. Bg5 Re8 14. f3 Bh5
15. Nf4 Bg6 16. Nxg6 hxg6 17. Qd2 Qb6 18. b3 Nd5 19. Rfe1 Ne5 20. Be4 Nc3 21.
Kh1 Rac8 22. Bf4 Ng4 23. h3 Nf6 24. Bd3 Nfd5 25. Bc4 Nxf4 26. Qxf4 Qf6 27. Qxf6
gxf6 28. Rxe8+ Rxe8 29. Kg1 f5 30. g3 Kg7 31. Kf2 b5 32. Bd3 Kf6 33. h4 a6 34.
h5 gxh5 35. Rh1 Kg5 36. Rh4 Rd8 37. Ke1 Rd5 38. Kd2 a5 39. a4 bxa4 40. bxa4
Nxa4 41. Bc4 Rd8 42. Bxf7 Kf6 43. Bb3 Nc3 44. Rxh5 a4 45. Bc4 Ra8 46. g4 fxg4
47. fxg4 a3 48. Rf5+ Kg6 49. Kd3 Ra4 50. Rf1 a2 51. Ra1 Rb4 52. Bxa2 Ra4 53.
Bf7+ Kxf7 54. Rxa4 1/2-1/2

[Event "Women European Club Cup 2015"]
[Site "Skopje MKD"]
[Date "2015.10.18"]
[Round "1"]
[White "Kosteniuk, Alexandra"]
[Black "Popova, Natalija"]
[Result "1-0"]
[WhiteElo "2525"]
[BlackElo "2257"]
[PlyCount "111"]
[EventDate "2015.10.18"]

1. e4 c5 2. Nf3 Nc6 3. d4 cxd4 4. Nxd4 Nf6 5. Nc3 e5 6. Ndb5 d6 7. Bg5 a6 8.
Na3 b5 9. Bxf6 gxf6 10. Nd5 f5 11. g3 fxe4 12. Bg2 Bg7 13. Bxe4 Be6 14. Qh5 h6
15. Rd1 O-O 16. Ne3 Nd4 17. c3 f5 18. Bd5 Bxd5 19. Nxd5 Nc6 20. Nc2 f4 21. Rg1
f3 22. Nce3 b4 23. Nf5 bxc3 24. bxc3 Qa5 25. Qxf3 Ra7 26. Qg4 Qxa2 27. Nxh6+
Kh7 28. Nf5 Raf7 29. Qh4+ Kg8 30. g4 e4 31. Rg3 Ne5 32. Nde7+ Rxe7 33. Nxe7+
Kf7 34. Nf5 Kg8 35. Qg5 Rxf5 36. gxf5 Nf3+ 37. Rxf3 exf3 38. Qd8+ Kh7 39. Qh4+
Kg8 40. Qe4 Bxc3+ 41. Kf1 Be5 42. Qxf3 Qc4+ 43. Kg2 Kg7 44. f6+ Kf7 45. Qd5+
Qxd5+ 46. Rxd5 Kxf6 47. Ra5 Kf5 48. h4 Ke4 49. f3+ Kf4 50. Rxa6 d5 51. h5 d4
52. h6 d3 53. Kf2 Bd4+ 54. Ke1 Bc3+ 55. Kd1 Kg5 56. h7 1-0

[Event "Women European Club Cup 2015"]
[Site "Skopje MKD"]
[Date "2015.10.19"]
[Round "2"]
[White "Gunina, Valentina"]
[Black "Dzagnidze, Nana"]
[Result "0-1"]
[WhiteElo "2529"]
[BlackElo "2573"]
[PlyCount "194"]
[EventDate "2015.10.18"]
[WhiteTeam "SHSM LEGACY SQUARE (RUS)"]
[BlackTeam "NONA (GEO)"]

1. d4 Nf6 2. c4 e6 3. Nc3 Bb4 4. f3 d5 5. a3 Bxc3+ 6. bxc3 O-O 7. cxd5 exd5 8.
e3 c5 9. Bd3 b6 10. Ne2 Ba6 11. O-O Re8 12. Ng3 Bxd3 13. Qxd3 Nbd7 14. a4 Rc8
15. Ba3 h5 16. Nf5 Rc6 17. c4 g6 18. cxd5 Nxd5 19. e4 Nf4 20. Qb5 Rf6 21. Nh6+
Kg7 22. dxc5 a6 23. Qb2 Nxc5 24. Rad1 Ncd3 25. Nxf7 Kxf7 26. Qa2+ Kg7 27. g3
Qd4+ 28. Kh1 Rd8 29. Rd2 Ne6 30. Bb2 Qb4 31. Ba1 Qe7 32. Qb1 Ndc5 33. Rxd8 Qxd8
34. Rd1 Qf8 35. Qb2 g5 36. f4 gxf4 37. gxf4 Nxf4 38. Rg1+ Ng6 39. Qxb6 Nxe4 40.
Qb7+ Kh6 41. Qxe4 Rf5 42. Bc3 Qf7 43. Qg2 Kh7 44. Bd4 Rf4 45. Be3 Rxa4 46. Rb1
Rc4 47. Rf1 Qe7 48. Bg5 Qd7 49. Qf3 Qc6 50. Qxc6 Rxc6 51. Rf7+ Kg8 52. Ra7 Ne5
53. Kg2 Nf7 54. Be3 Kg7 55. Bd4+ Kg6 56. Kg3 Ng5 57. Rg7+ Kf5 58. Be3 Ne4+ 59.
Kf3 Rc3 60. Rf7+ Nf6 61. Ke2 Rc6 62. Bd4 Kg6 63. Ra7 Rd6 64. Bc5 Re6+ 65. Kf3
Ng4 66. h3 Ne5+ 67. Kg3 Nf7 68. Ra8 Nh6 69. Kf4 Rc6 70. Bd4 Nf5 71. Bb2 Rc4+
72. Ke5 Rc5+ 73. Ke6 Rc6+ 74. Kd5 Ne7+ 75. Ke5 Kg5 76. Ba3 Ng6+ 77. Kd5 Rf6 78.
Bb2 Nf4+ 79. Ke4 Re6+ 80. Kf3 Nxh3 81. Rf8 Ng1+ 82. Kg3 h4+ 83. Kg2 Re2+ 84.
Rf2 Rxf2+ 85. Kxf2 Nh3+ 86. Kf3 Kf5 87. Bc3 Ng5+ 88. Kg2 h3+ 89. Kg1 Ne4 90.
Bb4 Kg4 91. Kh2 Nf6 92. Ba5 Nd5 93. Kg1 Ne3 94. Bc7 Nc4 95. Kf2 a5 96. Ke2 a4
97. Kd3 a3 0-1

[Event "Women European Club Cup 2015"]
[Site "Skopje MKD"]
[Date "2015.10.19"]
[Round "2"]
[White "Khotenashvili, Bela"]
[Black "Kosteniuk, Alexandra"]
[Result "0-1"]
[WhiteElo "2502"]
[BlackElo "2525"]
[PlyCount "130"]
[EventDate "2015.10.18"]
[WhiteTeam "NONA (GEO)"]
[BlackTeam "SHSM LEGACY SQUARE (RUS)"]

1. c4 Nf6 2. Nc3 e5 3. g3 d5 4. cxd5 Nxd5 5. Bg2 Nb6 6. Nf3 Nc6 7. O-O Be7 8.
Rb1 a5 9. d3 O-O 10. Be3 Be6 11. d4 Bf5 12. Rc1 Nc4 13. d5 Nb4 14. a3 Na6 15.
Nd2 Nxe3 16. fxe3 Qd7 17. Nc4 Bg5 18. h4 Bh6 19. Kh2 Rae8 20. d6 Be6 21. Nd5
cxd6 22. Nxa5 e4 23. b4 f5 24. Nc4 Kh8 25. Qd4 Qd8 26. Rfd1 Bf7 27. Rc2 Nc7 28.
Nxc7 Qxc7 29. Rdc1 Rd8 30. Na5 Qe7 31. Rc7 Rd7 32. Rxd7 Qxd7 33. Qb6 Bd5 34.
Rd1 Bc6 35. Nc4 d5 36. Qc5 Qe8 37. Nd6 Qe7 38. Bh3 Bxe3 39. Qxe3 Qxd6 40. Qf4
Qxf4 41. gxf4 g6 42. a4 Bxa4 43. Rxd5 Rc8 44. h5 Kg7 45. hxg6 hxg6 46. b5 Rc2
47. Bf1 b6 48. Kg3 Rc3+ 49. Kf2 e3+ 50. Kg3 Rb3 51. Rd7+ Kh6 52. Rb7 Rxb5 53.
Bg2 Rb2 54. Bd5 Rxe2 55. Rxb6 Re1 56. Bc4 Rc1 57. Be2 Bc6 58. Rb3 Rg1+ 59. Kh3
Re1 60. Rb2 g5 61. fxg5+ Kxg5 62. Bd3 f4 63. Rc2 Rh1+ 64. Rh2 Rd1 65. Be2 Rd2
0-1

[Event "Women European Club Cup 2015"]
[Site "Skopje MKD"]
[Date "2015.10.19"]
[Round "2"]
[White "Batsiashvili, Nino"]
[Black "Kovalevskaya, Ekaterina"]
[Result "1-0"]
[WhiteElo "2500"]
[BlackElo "2462"]
[PlyCount "93"]
[EventDate "2015.10.18"]
[WhiteTeam "NONA (GEO)"]
[BlackTeam "SHSM LEGACY SQUARE (RUS)"]

1. d4 Nf6 2. Nf3 d5 3. c4 e6 4. Nc3 c5 5. cxd5 cxd4 6. Qxd4 exd5 7. e4 Nc6 8.
Bb5 dxe4 9. Qxd8+ Kxd8 10. Ng5 Be6 11. O-O Bb4 12. Ncxe4 Nxe4 13. Nxe4 Ke7 14.
Be3 Rhd8 15. Ba4 Bd5 16. a3 Bxe4 17. axb4 Kf6 18. Rfc1 Rac8 19. b5 Nb4 20. h4
h6 21. Bc5 Nd3 22. Bd4+ Rxd4 23. Rxc8 Nf4 24. Bc2 Bxg2 25. Ra4 Rxa4 26. Bxa4
Bd5 27. Ra8 Ng6 28. h5 Nf4 29. Bd1 Kg5 30. Rxa7 Nxh5 31. b6 Nf4 32. Bb3 Bxb3
33. Rxb7 Ne6 34. Rxf7 Nd8 35. b7 Bxf7 36. b8=Q Ne6 37. Qe5+ Kg4 38. b4 g5 39.
f3+ Kh5 40. b5 Nf4 41. b6 Bd5 42. Qxd5 Nxd5 43. b7 Kh4 44. b8=Q Nf4 45. Kh2 Kh5
46. Qe8+ Kh4 47. Qf7 1-0

[Event "Women European Club Cup 2015"]
[Site "Skopje MKD"]
[Date "2015.10.20"]
[Round "3"]
[White "Khotenashvili, Bela"]
[Black "Goryachkina, Aleksandra"]
[Result "1-0"]
[WhiteElo "2502"]
[BlackElo "2480"]
[PlyCount "107"]
[EventDate "2015.10.18"]
[WhiteTeam "NONA (GEO)"]
[BlackTeam "GAMBIT ASSEKO SEE (MKD)"]

1. Nf3 d5 2. c4 c6 3. e3 Nf6 4. Nc3 e6 5. b3 Bd6 6. Bb2 O-O 7. Qc2 Nbd7 8. Be2
Qe7 9. Rg1 Ba3 10. Bxa3 Qxa3 11. g4 a5 12. g5 Ne8 13. h4 a4 14. Nxa4 dxc4 15.
Qxc4 Nd6 16. Qc1 Qxc1+ 17. Rxc1 b5 18. Nc3 Bb7 19. Nd4 b4 20. Na4 Rfc8 21. f4
c5 22. Nb5 Nf5 23. Kf2 Bc6 24. d4 Ra5 25. e4 Bxe4 26. dxc5 Bc6 27. Nd6 Rc7 28.
Nc4 Raa7 29. Ncb6 Nd4 30. Rgd1 Nxe2 31. Kxe2 Kf8 32. Rd4 e5 33. Rxb4 g6 34. Ke3
Kg7 35. Rbc4 exf4+ 36. Kxf4 Nf8 37. Re1 Ne6+ 38. Kg3 h6 39. gxh6+ Kxh6 40. Nc3
Ra3 41. Re2 Ra5 42. b4 Ra3 43. Kf2 g5 44. hxg5+ Nxg5 45. Re3 f5 46. Rd4 Kh5 47.
Nc4 Ra8 48. a4 Rf8 49. Rf4 Ba8 50. Nb5 Rg7 51. Nbd6 Kg6 52. c6 Rh8 53. Ne5+ Kf6
54. Rxf5+ 1-0

[Event "Women European Club Cup 2015"]
[Site "Skopje MKD"]
[Date "2015.10.20"]
[Round "3"]
[White "Batsiashvili, Nino"]
[Black "Saduakassova, Dinara"]
[Result "1-0"]
[WhiteElo "2500"]
[BlackElo "2402"]
[PlyCount "161"]
[EventDate "2015.10.18"]
[WhiteTeam "NONA (GEO)"]
[BlackTeam "GAMBIT ASSEKO SEE (MKD)"]

1. d4 Nf6 2. c4 e6 3. Nc3 Bb4 4. Nf3 O-O 5. Qc2 d5 6. Bg5 h6 7. Bxf6 Qxf6 8. e3
c5 9. dxc5 dxc4 10. Bxc4 Nd7 11. Rc1 Nxc5 12. O-O Bd7 13. a3 Bxc3 14. Qxc3 Qxc3
15. Rxc3 Rac8 16. Ne5 Rfd8 17. Rfc1 Na4 18. R3c2 Be8 19. Be2 Nb6 20. f4 Kf8 21.
Bf3 Rxc2 22. Rxc2 f6 23. Ng4 Bc6 24. Bxc6 bxc6 25. Nf2 Rc8 26. Nd3 Ke7 27. Kf2
Kd6 28. Rc5 Rc7 29. e4 Rd7 30. Ke2 Rc7 31. h4 Nd7 32. e5+ fxe5 33. fxe5+ Ke7
34. Rc4 Nb6 35. Rg4 Kf7 36. Nc5 Nd5 37. h5 Rc8 38. Ra4 Rc7 39. Kf3 Ke7 40. Rg4
Kf7 41. Rc4 Rc8 42. Ra4 Rc7 43. g3 Ke7 44. Ke2 Kf7 45. Kd3 Ke7 46. Rg4 Kf7 47.
Rg6 Re7 48. Kd4 Nb6 49. Ne4 Ke8 50. Nd6+ Kd8 51. b4 Nd7 52. a4 Nb6 53. a5 Nd7
54. Rg4 a6 55. Rf4 Kc7 56. Ne4 Kb7 57. Nd6+ Kc7 58. Rf2 Kd8 59. Rc2 Kc7 60. Rc1
Nb8 61. Ke4 Kd8 62. g4 Kc7 63. Rg1 Nd7 64. Kd4 c5+ 65. bxc5 Nb8 66. Rb1 Nc6+
67. Ke4 Nxa5 68. Rb6 Kd8 69. Rxa6 Nb3 70. Ra8+ Kd7 71. Rc8 Na5 72. Rb8 Nc6 73.
Rb5 Kc7 74. Rb6 Kd7 75. Nb5 Nd8 76. Rd6+ Kc8 77. c6 Nf7 78. Kd4 Ng5 79. Kc5 Nf3
80. c7 Re8 81. Kb6 1-0

[Event "Women European Club Cup 2015"]
[Site "Skopje MKD"]
[Date "2015.10.20"]
[Round "3"]
[White "Gunina, Valentina"]
[Black "Ushenina, Anna"]
[Result "0-1"]
[WhiteElo "2529"]
[BlackElo "2426"]
[PlyCount "64"]
[EventDate "2015.10.18"]
[WhiteTeam "SHSM LEGACY SQUARE (RUS)"]
[BlackTeam "UGRA (RUS)"]

1. Nf3 d5 2. e3 c5 3. b3 a6 4. Bb2 Nc6 5. Be2 Nf6 6. O-O g6 7. c4 d4 8. exd4
cxd4 9. Re1 Bg7 10. Bf1 O-O 11. a3 e5 12. d3 Re8 13. Nbd2 b6 14. b4 Qc7 15. g3
Bb7 16. Bg2 h6 17. Rc1 Rad8 18. Qb3 Bf8 19. Re2 a5 20. c5 axb4 21. cxb6 Qxb6
22. Nc4 Na5 23. Nxa5 Qxa5 24. Nxe5 Rxe5 25. axb4 Rb5 26. bxa5 Rxb3 27. Bxb7
Rxb7 28. a6 Ra7 29. Rc6 Bg7 30. Re5 Nd5 31. Bxd4 Ne7 32. Rc4 Rxd4 0-1

[Event "Women European Club Cup 2015"]
[Site "Skopje MKD"]
[Date "2015.10.20"]
[Round "3"]
[White "Pogonina, Natalija"]
[Black "Kosteniuk, Alexandra"]
[Result "0-1"]
[WhiteElo "2445"]
[BlackElo "2525"]
[PlyCount "118"]
[EventDate "2015.10.18"]
[WhiteTeam "UGRA (RUS)"]
[BlackTeam "SHSM LEGACY SQUARE (RUS)"]

1. e4 e5 2. Nf3 Nc6 3. Bb5 a6 4. Ba4 Nf6 5. O-O Bc5 6. c3 b5 7. Bb3 d6 8. d4
Bb6 9. Be3 Bg4 10. Nbd2 O-O 11. h3 Bh5 12. dxe5 Nxe5 13. Bxb6 cxb6 14. g4 Bg6
15. Qe2 Ned7 16. g5 Ne8 17. Qe3 Nc7 18. Nh4 d5 19. Nxg6 hxg6 20. e5 Nc5 21. Bc2
d4 22. cxd4 Nd5 23. Qg3 Nb4 24. dxc5 Nxc2 25. Rad1 Nd4 26. Qg4 bxc5 27. Nb3 Qd5
28. Nxd4 cxd4 29. Rxd4 Qxa2 30. b4 Rfe8 31. Re1 Rac8 32. Red1 Rc4 33. Rxc4 Qxc4
34. Rd4 Qc7 35. Rd7 Qxe5 36. Ra7 Qd5 37. Qg2 Qd1+ 38. Kh2 Qd6+ 39. Qg3 Qb6 40.
Rd7 Qc6 41. Rc7 Qe4 42. Ra7 Qxb4 43. Rxa6 Qc5 44. Rd6 b4 45. Rd3 Qb6 46. Rb3
Re2 47. Kg2 Qb5 48. Rd3 Qb7+ 49. Kh2 Re8 50. Rb3 Re1 51. Qg2 Qc7+ 52. Qg3 Qc1
53. Qg2 Qf4+ 54. Qg3 Qe4 55. Rf3 Qb7 56. Qf4 b3 57. Rd3 Rh1+ 58. Kg3 Rg1+ 59.
Kh4 b2 0-1

[Event "Women European Club Cup 2015"]
[Site "Skopje MKD"]
[Date "2015.10.21"]
[Round "4"]
[White "Pogonina, Natalija"]
[Black "Khotenashvili, Bela"]
[Result "0-1"]
[WhiteElo "2445"]
[BlackElo "2502"]
[PlyCount "74"]
[EventDate "2015.10.18"]
[WhiteTeam "UGRA (RUS)"]
[BlackTeam "NONA (GEO)"]

1. e4 e5 2. Nf3 Nc6 3. Bb5 a6 4. Ba4 Nf6 5. O-O Nxe4 6. d4 b5 7. Bb3 d5 8. dxe5
Be6 9. Qe2 Be7 10. Rd1 O-O 11. c4 bxc4 12. Bxc4 Bc5 13. Be3 Bxe3 14. Qxe3 Qb8
15. Bb3 h6 16. Nc3 Nxc3 17. Qxc3 Ne7 18. Qc5 Re8 19. h3 c6 20. Rd2 a5 21. Rc1
a4 22. Bd1 Ng6 23. Rd4 Nxe5 24. Nxe5 Qxe5 25. Bxa4 Bd7 26. b3 Re6 27. Rg4 Qb2
28. a3 Rae8 29. Rg3 Re1+ 30. Rxe1 Rxe1+ 31. Kh2 Qa1 32. Rc3 Rh1+ 33. Kg3 Qg1
34. Kf3 Rh2 35. g3 Qd1+ 36. Kf4 Qe2 37. Re3 Qxf2+ 0-1

[Event "Women European Club Cup 2015"]
[Site "Skopje MKD"]
[Date "2015.10.21"]
[Round "4"]
[White "Bodnaruk, Anastasia"]
[Black "Gunina, Valentina"]
[Result "1-0"]
[WhiteElo "2459"]
[BlackElo "2529"]
[PlyCount "71"]
[EventDate "2015.10.18"]
[WhiteTeam "SPB (RUS)"]
[BlackTeam "SHSM LEGACY SQUARE (RUS)"]

1. e4 c5 2. Nf3 e6 3. Nc3 Nc6 4. d4 cxd4 5. Nxd4 Nf6 6. Ndb5 Bb4 7. a3 Bxc3+ 8.
Nxc3 d5 9. exd5 exd5 10. Bd3 O-O 11. O-O d4 12. Ne2 Bg4 13. Bg5 Qd6 14. f3 Bh5
15. Qd2 Rfe8 16. Nf4 Bg6 17. Nxg6 hxg6 18. Rfe1 Qc5 19. Bh4 Qb6 20. b4 Nd5 21.
Bf2 a6 22. Be4 Nde7 23. c3 dxc3 24. Qxc3 Qc7 25. Bd4 f5 26. Bc2 Kh7 27. Bb3
Rac8 28. Bxg7 Qb6+ 29. Kh1 Nxb4 30. Qb2 Nbd5 31. Bh8 Rxh8 32. Rxe7+ Kh6 33.
Qd2+ f4 34. Qxd5 Rc5 35. Qf7 Rhc8 36. Qh7+ 1-0

[Event "Women European Club Cup 2015"]
[Site "Skopje MKD"]
[Date "2015.10.21"]
[Round "4"]
[White "Kosteniuk, Alexandra"]
[Black "Ovod, Evgenija"]
[Result "1-0"]
[WhiteElo "2525"]
[BlackElo "2328"]
[PlyCount "63"]
[EventDate "2015.10.18"]
[WhiteTeam "SHSM LEGACY SQUARE (RUS)"]
[BlackTeam "SPB (RUS)"]

1. c4 c5 2. Nf3 Nf6 3. Nc3 e6 4. d4 cxd4 5. Nxd4 a6 6. e4 Qc7 7. Be2 Be7 8. O-O
O-O 9. f4 d6 10. Be3 b6 11. Rc1 Bb7 12. Bf3 Nbd7 13. g4 h6 14. g5 hxg5 15. fxg5
Ne8 16. Bg4 Ne5 17. g6 Bc8 18. gxf7+ Rxf7 19. Rxf7 Kxf7 20. Nxe6 Qxc4 21. Nd5
Qd3 22. Bh5+ g6 23. Bxg6+ Nxg6 24. Qxd3 Bxe6 25. Rf1+ Kg7 26. Bd4+ Kh7 27. Nxe7
Nxe7 28. e5+ Ng6 29. exd6 Nxd6 30. Rf6 Bf5 31. Rxf5 Nxf5 32. Qxf5 1-0

[Event "Women European Club Cup 2015"]
[Site "Skopje MKD"]
[Date "2015.10.22"]
[Round "5"]
[White "Dzagnidze, Nana"]
[Black "Haast, Anne"]
[Result "1-0"]
[WhiteElo "2573"]
[BlackElo "2384"]
[PlyCount "163"]
[EventDate "2015.10.18"]
[WhiteTeam "NONA (GEO)"]
[BlackTeam "DE STUKKENJAGERS (NED)"]

1. d4 Nf6 2. Nf3 g6 3. g3 Bg7 4. Bg2 O-O 5. O-O d6 6. c4 Nbd7 7. b3 e5 8. Bb2
exd4 9. Nxd4 c6 10. Nc3 Qc7 11. Qc2 a5 12. Rad1 Nc5 13. Rd2 Re8 14. h3 h5 15.
Rfd1 Bd7 16. a3 Qc8 17. Kh2 Qc7 18. Kg1 Qc8 19. h4 Bh6 20. e3 Bh3 21. Re1 Bxg2
22. Kxg2 Ng4 23. Nf3 Qc7 24. b4 axb4 25. axb4 Ne6 26. Ne4 d5 27. cxd5 cxd5 28.
Qxc7 Nxc7 29. Nc5 Bf8 30. Rc1 Na6 31. Bd4 Nxb4 32. Nxb7 Ra3 33. Nc5 Rea8 34.
Nd7 Be7 35. Nb6 Rb8 36. Rc8+ Rxc8 37. Nxc8 Bf8 38. Nb6 Rb3 39. Ba1 Bg7 40. Bxg7
Kxg7 41. Nd4 Rb1 42. Nd7 Rc1 43. Ne2 Rc2 44. Rxc2 Nxc2 45. Nf4 d4 46. e4 f6 47.
Nd3 Kf7 48. f3 Nge3+ 49. Kg1 Nc4 50. f4 Nd2 51. N7c5 Nb1 52. Kf2 Nc3 53. Kf3
Na3 54. Nb3 Nc4 55. Ndc5 Nb5 56. Ke2 Ke7 57. Nxd4 Nxd4+ 58. Kd3 Nf3 59. Kxc4 g5
60. hxg5 fxg5 61. Kd3 gxf4 62. gxf4 Nh4 63. Ke2 Ng6 64. Kf3 Kf6 65. Nd3 Nf8 66.
Nc5 Ng6 67. Nd7+ Ke7 68. Nb6 Nf8 69. f5 Kd6 70. Kf4 h4 71. Nc4+ Kc5 72. Ne5 h3
73. Nf3 Kd6 74. Kg3 Nd7 75. Kxh3 Nc5 76. e5+ Kd5 77. Kg4 Nd7 78. Kg5 Nc5 79.
Kf6 Nd7+ 80. Ke7 Nb8 81. f6 Nc6+ 82. Ke8 1-0

[Event "Women European Club Cup 2015"]
[Site "Skopje MKD"]
[Date "2015.10.22"]
[Round "5"]
[White "De Jong-Muhren, Bianca"]
[Black "Khotenashvili, Bela"]
[Result "0-1"]
[WhiteElo "2300"]
[BlackElo "2502"]
[PlyCount "104"]
[EventDate "2015.10.18"]
[WhiteTeam "DE STUKKENJAGERS (NED)"]
[BlackTeam "NONA (GEO)"]

1. e4 e5 2. Nf3 Nc6 3. Nc3 Nf6 4. d4 exd4 5. Nxd4 Bb4 6. Nxc6 bxc6 7. Bd3 O-O
8. O-O Re8 9. Bg5 h6 10. Bh4 Rb8 11. f4 Be7 12. Qf3 d5 13. e5 Nd7 14. Bg3 Bf8
15. Rae1 Nc5 16. Nd1 Nxd3 17. Qxd3 Rb6 18. Qd2 Bf5 19. c3 a5 20. Kh1 a4 21. a3
Qd7 22. Bf2 Rb3 23. Bd4 c5 24. Bg1 d4 25. Rf3 Rd8 26. Qf2 Qc6 27. Qh4 Rd7 28.
Ref1 Be7 29. Qh5 Qg6 30. Qxg6 fxg6 31. R1f2 Be4 32. Rh3 c4 33. Re2 Bf5 34. Rg3
c5 35. h3 h5 36. Kh2 Kf7 37. Rf3 Ke6 38. g3 g5 39. Rf1 Bd3 40. f5+ Bxf5 41.
Ref2 g6 42. Re1 Bd8 43. Kg2 g4 44. h4 Rd5 45. Rfe2 Ba5 46. Rf1 dxc3 47. bxc3
Bxc3 48. Nxc3 Rxc3 49. Ra1 Rb3 50. Bf2 c3 51. Be1 c2 52. Ba5 Rb1 0-1

[Event "Women European Club Cup 2015"]
[Site "Skopje MKD"]
[Date "2015.10.22"]
[Round "5"]
[White "Jap Tjoen San, Linda"]
[Black "Batsiashvili, Nino"]
[Result "0-1"]
[WhiteElo "2183"]
[BlackElo "2500"]
[PlyCount "120"]
[EventDate "2015.10.18"]
[WhiteTeam "DE STUKKENJAGERS (NED)"]
[BlackTeam "NONA (GEO)"]

1. e4 e5 2. Nf3 Nc6 3. Bb5 Nge7 4. d4 exd4 5. Nxd4 Nxd4 6. Qxd4 Nc6 7. Qe3 Bb4+
8. c3 Ba5 9. O-O O-O 10. Qf3 d6 11. Bxc6 bxc6 12. b4 Bb6 13. a4 a5 14. Be3 Ba6
15. Rc1 Rb8 16. Bxb6 Rxb6 17. Nd2 Qg5 18. bxa5 Qxa5 19. Nf1 Bxf1 20. Rxf1 Re8
21. Qd3 h6 22. Rfe1 Re5 23. Re3 Rb3 24. Qd4 Rc5 25. Rg3 Rg5 26. Rf3 Qa6 27. h3
c5 28. Qe3 Re5 29. Rg3 Kf8 30. a5 Rb5 31. Qd3 c4 32. Qd4 f6 33. Kh2 Rxa5 34. f4
Rxa1 35. fxe5 Qa7 36. exf6 Qxd4 37. cxd4 gxf6 38. Rc3 Ra4 39. Kg3 d5 40. exd5
Ke7 41. Kf4 Kd6 42. Kf5 Kxd5 43. Kg6 Kxd4 44. Rf3 Ra1 45. Rxf6 c3 46. Rc6 Ra5
47. Rxc7 Rc5 48. Rd7+ Ke3 49. Rd1 c2 50. Rc1 Rg5+ 51. Kxh6 Rxg2 52. h4 Kd2 53.
Ra1 c1=Q 54. Rxc1 Kxc1 55. h5 Kd2 56. Kh7 Ke3 57. h6 Kf4 58. Kh8 Kf5 59. h7 Kg6
60. Kg8 Kh6+ 0-1

[Event "Women European Club Cup 2015"]
[Site "Skopje MKD"]
[Date "2015.10.23"]
[Round "6"]
[White "Bodnaruk, Anastasia"]
[Black "Dzagnidze, Nana"]
[Result "1/2-1/2"]
[WhiteElo "2459"]
[BlackElo "2573"]
[PlyCount "183"]
[EventDate "2015.10.18"]

1. e4 e5 2. Nf3 Nc6 3. Bb5 a6 4. Ba4 Nf6 5. O-O Be7 6. Re1 b5 7. Bb3 d6 8. c3
O-O 9. h3 Nd7 10. d4 Bf6 11. d5 Na5 12. Bc2 Nb6 13. b3 c6 14. c4 Bd7 15. Ba3
bxc4 16. Bxd6 cxd5 17. Bb4 Nb7 18. Bxf8 Qxf8 19. a4 Na5 20. bxc4 d4 21. Nbd2
Rc8 22. Nb3 Naxc4 23. a5 Na4 24. Nbxd4 Nab2 25. Qb1 exd4 26. e5 Bd8 27. Bxh7+
Kh8 28. Bf5 Bxf5 29. Qxf5 Rc5 30. Nxd4 Kg8 31. Re2 Qe8 32. f4 Rd5 33. Qe4 Qd7
34. e6 fxe6 35. Nxe6 Bf6 36. Rc1 Rd1+ 37. Rxd1 Qxd1+ 38. Re1 Qd2 39. Qa8+ Kh7
40. Nf8+ Kh6 41. Qe8 Qd3 42. Re4 Qg3 43. Ne6 Nd6 44. Qh8+ Kg6 45. Re2 Nd3 46.
f5+ Nxf5 47. Qe8+ Kh7 48. Qh5+ Nh6 49. Qd5 Kh8 50. Qa8+ Ng8 51. Qxa6 Be5 52.
Kf1 Qg6 53. Qc4 Bg3 54. Re4 Qf5+ 55. Ke2 Ne5 56. Qd5 Nf6 57. Qd8+ Kh7 58. Nf8+
Kh6 59. Qd2+ g5 60. Rb4 Nc6 61. Rb6 Qe4+ 62. Kd1 Bf4 63. Qc2 Qd5+ 64. Ke1 Qxa5+
65. Kf1 Qa1+ 66. Rb1 Qa6+ 67. Kg1 Ne7 68. Re1 Bg3 69. Rd1 Qa8 70. Qd3 Qxf8 71.
Qxg3 Ng6 72. Qd6 Qf7 73. Qd4 Qe6 74. Kh2 Qf5 75. Qe3 Nd5 76. Qd4 Ndf4 77. Rd2
Qe6 78. Rb2 Qc6 79. Rf2 Qc7 80. g3 Nh5 81. Qe3 Qd6 82. Rf5 Qe7 83. Qxe7 Nxe7
84. Ra5 Nf6 85. Kg2 Kg6 86. h4 gxh4 87. gxh4 Ned5 88. Kf3 Kh5 89. Kg3 Ne4+ 90.
Kf3 Nef6 91. Kg3 Ne4+ 92. Kf3 1/2-1/2

[Event "Women European Club Cup 2015"]
[Site "Skopje MKD"]
[Date "2015.10.23"]
[Round "6"]
[White "Khotenashvili, Bela"]
[Black "Ovod, Evgenija"]
[Result "1-0"]
[WhiteElo "2502"]
[BlackElo "2328"]
[PlyCount "135"]
[EventDate "2015.10.18"]

1. d4 Nf6 2. c4 e6 3. Nf3 Bb4+ 4. Nbd2 O-O 5. a3 Be7 6. e4 d5 7. e5 Nfd7 8. Bd3
c5 9. Qc2 h6 10. O-O cxd4 11. Re1 Nc5 12. Bf1 a5 13. b3 d3 14. Bxd3 Nxd3 15.
Qxd3 Na6 16. Bb2 Nc5 17. Qe3 b6 18. cxd5 Qxd5 19. Nc4 Rb8 20. Rad1 Qa8 21. Rd4
Ba6 22. Nd6 Bxd6 23. exd6 f6 24. d7 Rf7 25. Red1 Rd8 26. Rd6 Rdxd7 27. Rxd7
Nxd7 28. Qxe6 Nf8 29. Qxb6 Be2 30. Rd8 Qe4 31. Qe3 Bxf3 32. gxf3 Qb1+ 33. Qc1
Qg6+ 34. Kh1 Qf5 35. Qd1 Rd7 36. Rxd7 Nxd7 37. b4 axb4 38. axb4 Kh7 39. Kg2
Qg5+ 40. Kh1 Qf5 41. Bc3 Nf8 42. Qe2 Ng6 43. Qe4 Qg5 44. h4 Qc1+ 45. Kg2 h5 46.
Bd4 Qc8 47. Bb2 Qd7 48. Qc4 Qf5 49. Bc1 Qb1 50. Bd2 f5 51. Qd4 Qb3 52. Bc3 Qf7
53. b5 f4 54. Kf1 Nf8 55. b6 Nd7 56. b7 Kh6 57. Bd2 g5 58. Qd6+ Kh7 59. b8=Q
Nxb8 60. Qxb8 Qc4+ 61. Kg2 gxh4 62. Qxf4 Qg8+ 63. Qg5 h3+ 64. Kxh3 Qe6+ 65. Kh4
Qc4+ 66. Bf4 Qf1 67. Qh6+ Kg8 68. Qg6+ 1-0